| 000 | 01087nas a2200373 4500 | ||
|---|---|---|---|
| 001 | BR0703775 | ||
| 003 | BR-BrBNA | ||
| 005 | 20231205110922.0 | ||
| 007 | ta | ||
| 008 | 230509b bl.|||p| |||| 00| 00por d | ||
| 040 |
_aBR-BrBNA _bpor _cBiblioteca Nacional de Agricultura |
||
| 041 | _a(En) | ||
| 072 | _aL02; L01 | ||
| 100 | 1 | _aYáñez, E.A. | |
| 100 | 1 | _aResende, K.T. de | |
| 100 | 1 | _aFerreira, A.C.D. | |
| 100 | 1 | _aMedeiros, A.N. de | |
| 100 | 1 | _aSilva Sobrinho, A.G. da | |
| 100 | 1 | _aArtoni, S.M.B.A. | |
| 245 | 1 | _aEffects of feed restriction on yield, retail, retail cuts and tissue composition of carcass of saanen kids | |
| 650 | _aCABRITO | ||
| 650 | _aRAÇA | ||
| 650 | _aCARCAÇA | ||
| 650 | _aNUTRIÇÃO ANIMAL | ||
| 650 | _aCORTE | ||
| 650 | _aGORDURA | ||
| 650 | _aOSSO | ||
| 650 | _aMÚSCULO | ||
| 650 | _aRENDIMENTO | ||
| 650 | _aREGRESSÃO LINEAR | ||
| 773 | 0 |
_tRevista Brasileira de Zootecnia (Brazil) _xISSN 1516-3598 _g(May-Jun 2007), v. 36(3) p. 666-673 _wBR0703775 |
|
| 909 |
_a202311 _bLúcia _c55 _dLúcia Elande |
||
| 942 |
_2AGRIS _n0 _cANA |
||
| 999 |
_c189767 _d189767 |
||